000 00282nam a2200121Ia 4500
005 20251222125557.0
008 251222s1900||||xx |||||||||||||| ||spa||
020 _a84-376-0067-7
082 _a868.3/G22
100 _aGarcilaso de la Vega
245 0 _aPoesía castellana
942 _cCD
999 _c2738
_d2738